Loreto College Library, Kolkata
WEBOPAC (ONLINE PUBLIC ACCESS CATALOGUE)

Educational Psychology, (Record no. 36891)

MARC details
000 -LEADER
fixed length control field 00560nam a2200205Ia 4500
005 - DATE AND TIME OF LATEST TRANSACTION
control field 20240208092556.0
008 - FIXED-LENGTH DATA ELEMENTS--GENERAL INFORMATION
fixed length control field 131103s9999 xx 000 0 und d
020 ## - ISBN | অাই এস বি এন
ISBN | অাই এস বি এন 9.79E+12
PRICE Rs.695.00
040 ## - CATALOGING SOURCE
Original cataloging agency Loreto College
041 ## - LANGUAGE CODE
Language code English
082 ## - DDC | ডিউই
Classification number | বর্গসংখ্যা 370.15
Book Number | গ্রন্থাঙ্ক MIS
100 ## - MAIN ENTRY--PERSONAL NAME | মুখ্য সংলেখ - ব্যাক্তিনাম
Personal name | ব্যাক্তিনাম Mishra,R.C.
245 ## - TITLE STATEMENT | অাখ্যা বিবরণী
Title | অাখ্যা Educational Psychology,
Statement of responsibility | লেখকের দায়িত্বের বিবরণ R.C.Mishra
260 ## - IMPRINT | প্রকাশনা ক্ষেত্র
Place of publication | প্রকাশ স্থান New Delhi
Name of publisher | প্রকাশকের নাম A.P.H.Publishing
Date of publication | প্রকাশ কাল 2009
300 ## - PHYSICAL DESCRIPTION |
Page / Vol. No | পৃষ্ঠা / খন্ড সংখ্যা viii,279p
504 ## - BIBLIOGRAPHY, ETC. NOTE
Bibliography, etc Includes bibliographical references and index
650 ## - SUBJECT ADDED ENTRY--TOPICAL TERM | বিষয় শিরোনাম - মূল বিষয়
Topical term | মূল বিষয় Educational psychology
850 ## - HOLDING INSTITUTION
Holding institution LCLIB
942 ## - ADDED ENTRY ELEMENTS (KOHA)
Koha item type Books
Holdings
Withdrawn status Lost status Source of classification Damaged status Not for loan Home library Current library Date acquired Total Checkouts Full call number Accession No. Date last seen Date checked out Price effective from Koha item type Coded location qualifier
    Dewey Decimal Classification     Loreto College Loreto College 04/11/2013 12 370.15 MIS 48273 B40024 16/04/2025 09/04/2025 04/11/2013 Books  
    Dewey Decimal Classification     Loreto College Loreto College 04/11/2013 10 370.15 MIS 49596 B41406 12/04/2023 22/03/2023 04/11/2013 Books